Wird geladen...
Frontiers in materials research
| 1. Verfasser: | |
|---|---|
| Format: | Printed Book |
| Veröffentlicht: |
Springer Publishing Co., New York
2008
|
| Schlagworte: |
| LEADER | 00542nam a2200193 4500 | ||
|---|---|---|---|
| 020 | |a 9783540779674 |c E157.24 | ||
| 082 | |a 620.11 FUJ-F | ||
| 100 | |a Fujikawa, Yasunori, et al. | ||
| 245 | |a Frontiers in materials research | ||
| 250 | |||
| 260 | |a Springer Publishing Co., New York |c 2008 | ||
| 300 | |a 320 | ||
| 490 | |||
| 500 | |||
| 590 | |a VMV |c E157.24 | ||
| 650 | |a Materials | ||
| 942 | |c BK | ||
| 999 | |c 85149 |d 85149 | ||
| 952 | |0 0 |1 0 |4 0 |6 620_110000000000000_FUJF |7 0 |9 98617 |a PHY |b PHY |g 0.00 |l 0 |o 620.11 FUJ-F |p PHY06807 |r 2019-09-24 |w 2019-09-24 |y BK | ||